Score 0/13 Timer 04:00
0 Plays Today
Province % Correct
Alberta
92.5%
Nova Scotia
89.7%
Ontario
82.2%
Yukon
82.2%
Saskatchewan
80.8%
British Columbia
78.1%
Northwest Territories
77.4%
Newfoundland and Labrador
74.7%
Manitoba
74%
Nunavut
73.3%
Quebec
73.3%
Prince Edward Island
73.3%
New Brunswick
62.3%
Come Together.
Have Fun.
All Virtual.
We all need to come together. Play Sporcle's virtual live trivia to have fun, connect with people, and get your trivia on. Join a live hosted trivia game for your favorite pub trivia experience done virtually. If a virtual private party is more your thing, go here for details.

You're not logged in!

Compare scores with friends on all Sporcle quizzes.
OR
Log In

Sporcle TV

Today on Sporcle TV


Watch our educational content, quiz creation guides, and fun videos on Sporcle TV.

Show Comments

Extras

Top Quizzes Today


Score Distribution

Paid Content

Your Account Isn't Verified!

In order to create a playlist on Sporcle, you need to verify the email address you used during registration. Go to your Sporcle Settings to finish the process.

Report this User

Report this user for behavior that violates our Community Guidelines.

Details: